A harvest of paperwork (Record no. 26513)

MARC details
000 -LEADER
fixed length control field 00751cab a2200217 4500
001 - CONTROL NUMBER
control field WB2913-49
008 - FIXED-LENGTH DATA ELEMENTS--GENERAL INFORMATION
fixed length control field 090401t xxu||||| |||| 00| 0 eng d
035 ## - SYSTEM CONTROL NUMBER
System control number (Sirsi) u41260
041 ## - LANGUAGE CODE
Language code of text/sound track or separate title eng
245 #2 - TITLE STATEMENT
Title A harvest of paperwork
260 ## - PUBLICATION, DISTRIBUTION, ETC.
Date of publication, distribution, etc. (102/93) 30 March 1993(4)
350 ## - PRICE (NR) (BK AM CF MU VM SE) [OBSOLETE]
Price 0
490 ## - SERIES STATEMENT
Series statement Daily Telegraph
Volume/sequential designation 31 March 1993, 4
490 ## - SERIES STATEMENT
Series statement MAFF News Release
Volume/sequential designation (102/93) 30 March 1993(4)
520 ## - SUMMARY, ETC.
Summary, etc. Details of the Integrated Administration and Control System. The NFU have run a series of road shows to keep farmers up to date and CLA has established a network of land agents to give 15 minutes of free advice to members.
650 ## - SUBJECT ADDED ENTRY--TOPICAL TERM
Topical term or geographic name entry element CAP REFORM
650 ## - SUBJECT ADDED ENTRY--TOPICAL TERM
Topical term or geographic name entry element IACS
690 ## - LOCAL SUBJECT ADDED ENTRY--TOPICAL TERM (OCLC, RLIN)
Topical term or geographic name as entry element RURAL PRACTICE
942 ## - ADDED ENTRY ELEMENTS (KOHA)
Suppress in OPAC 0
948 ## - LOCAL PROCESSING INFORMATION (OCLC); SERIES PART DESIGNATOR (RLIN)
c (OCLC) 04/03/1997
Holdings
Withdrawn status Lost status Source of classification or shelving scheme Damaged status Not for loan Home library Current library Shelving location Date acquired Total Checkouts Full call number Barcode Date last seen Copy number Price effective from Koha item type
    Dewey Decimal Classification     London London News article 14/09/1999   WB2913-49 41260-1001 06/08/2019 1 06/08/2019 News article